000 00649nmm a2200181Ia 4500
008 251105s9999||||xx |||||||||||||||||und||
020 _a9788417708436
041 _aspa
100 _aAlbom, Mitch
245 0 _aLa próxima persona que encontrarás en el cielo :
_b La esperada continuación de Las cinco personas que encontrarás en el cielo
264 _a[Madrid, España] :
_bMaeva Ediciones,
_c[Fecha de publicación no identificada]
300 _a0 páginas
490 _aMitch Albom
650 _aNorth American narrative
700 _a Homedes Beutnagel, Jofre
856 _uhttps://public.digitaliapublishing.com/a/81849
942 _cCF
999 _c61669
_d61669